Statistics for Taylor Swift - New Romantics Lyrics

Click here to take the quiz!

General Stats

  • This quiz has been taken 222 times
    (91 since last reset)
  • The average score is 395 of 426

Answer Stats

Answer% Correct
a
100%
Baby
100%
baby
100%
I
100%
in
100%
We
100%
we
100%
like
99%
me
99%
new
99%
romantic
99%
romantics
99%
The
99%
the
99%
We're
99%
we're
99%
all
97%
are
97%
best
97%
free
97%
is
97%
life
97%
of
97%
people
97%
So
97%
so
97%
with
97%
'Cause
96%
come
96%
Come
96%
could
96%
day
96%
every
96%
it
96%
they
96%
to
96%
along
94%
and
94%
And
94%
at
94%
battle
94%
But
94%
but
94%
castle
94%
night
94%
tired
94%
everything
93%
he
93%
just
93%
on
93%
Out
93%
out
93%
threw
93%
Ah
91%
anthem
91%
bored
91%
bricks
91%
build
91%
dream
91%
honey
91%
Honey
91%
it's
91%
It's
91%
my
91%
national
91%
proudly
91%
sing
91%
us
91%
Heartbreak
90%
off
90%
play
90%
bathroom
88%
busy
88%
mascara
88%
that
88%
too
88%
cry
87%
dancing
87%
feet
87%
our
87%
tears
87%
wait
87%
aren't
86%
better
86%
Classroom
86%
dumb
86%
for
86%
letters
86%
young
86%
coming
84%
mine
84%
show
84%
different
83%
get
83%
I'm
83%
know
83%
most
83%
ruin
83%
rumors
83%
take
83%
them
83%
Trust
83%
doing
81%
Oh
81%
trains
81%
true
81%
what
81%
cruel
80%
exactly
80%
here
80%
scarlet
80%
terrible
80%
up
80%
about
78%
Please
78%
road
78%
want
78%
ace
77%
face
77%
hand
77%
love
77%
need
77%
see
77%
blinding
75%
can't
75%
danger
75%
leave
75%
lights
75%
back
74%
then
74%
hang
72%
knocked
72%
poker
72%
record
71%
switch
71%
team
71%
timing
71%
changer
70%
sides
70%
stranded
68%
noise
57%

Score Distribution

Percentile by Number Answered

Percent of People with Each Score

Your Score History

You have not taken this quiz since the last reset